| 000 | 00375nam a22001577a 4500 | ||
|---|---|---|---|
| 003 | OSt | ||
| 005 | 20250825122828.0 | ||
| 008 | 250825b |||||||| |||| 00| 0 eng d | ||
| 020 | _a9789353160661 | ||
| 040 | _cIIMT UNIVERSITY, MEERUT | ||
| 100 | _a Saroj Kaushik | ||
| 245 | _aSoft Computing | ||
| 260 |
_aNEW DELHI _bMC.GRAW HILL _c2024 |
||
| 300 | _a405 | ||
| 942 |
_2ddc _c02 |
||
| 999 |
_c66006 _d66006 |
||